| 000 | 00799cam a2200265 4500500 | ||
|---|---|---|---|
| 005 | 20260329001336.0 | ||
| 041 | _afre | ||
| 042 | _adc | ||
| 100 | 1 | 0 |
_aDescola, Philippe _eauthor |
| 700 | 1 | 0 |
_aLacroix, Alexandre _eauthor |
| 245 | 0 | 0 | _aPhilippe Descola : “Notre position dans le monde n’est pas acquise ” |
| 260 | _c2006. | ||
| 500 | _a31 | ||
| 690 | _aAnimal | ||
| 690 | _aAnthropologie | ||
| 690 | _aDarwin | ||
| 690 | _aÉthologie | ||
| 690 | _aÊtres vivants | ||
| 690 | _aÉvolution | ||
| 690 | _aGrands Singes | ||
| 690 | _aHomme | ||
| 690 | _aPhilippe Descola | ||
| 786 | 0 | _nPhilosophie magazine | 2 | 6-7 | 2006-07-01 | p. 20-21 | 1951-1787 | |
| 856 | 4 | 1 | _uhttps://shs.cairn.info/magazine-philosophie-magazine-2006-6-7-page-20?lang=fr&redirect-ssocas=7080 |
| 999 |
_c1804443 _d1804443 |
||